| 000 | 00496nam a2200181 a 4500 | ||
|---|---|---|---|
| 001 | 1451 | ||
| 003 | CDMR | ||
| 005 | 20131029160620.0 | ||
| 008 | 130130s1997||||||||||||||||||||||||||||d | ||
| 020 | _a847782441X | ||
| 040 |
_aCDMR _bcat _cCDMR |
||
| 100 | 1 |
_aLópez Mondéjar, Publio _91104 |
|
| 245 | 1 | 0 |
_aHistoria de la fotografía en España _cPublio López Mondéjar |
| 260 |
_aBarcelona _c1997 _bLunwerg |
||
| 300 |
_a302 p. _bil. b/n |
||
| 650 | 0 | 4 |
_93144 _aFotografia _xHistòria |
| 942 |
_cMON _2udc |
||
| 999 |
_c1451 _d1451 |
||